| 000 | 00676nam a2200217 4500 | ||
|---|---|---|---|
| 005 | 20260330160254.0 | ||
| 008 | 260330b |||||||| |||| 00| 0 eng d | ||
| 020 | _a978-81-948693-5-1 | ||
| 041 | _aEnglish | ||
| 082 |
_23rd ed _aP 610.7362 PAL B12938 |
||
| 100 |
_aPal Panchali _9217466 |
||
| 245 | _aTextbook of Pediatric Nursing for BSc Nursing Students Sem V and VI | ||
| 250 | _a3rd ed | ||
| 260 |
_aNew Delhi _bCBS Publishers & Distributors Pvt. Ltd. _c2024 |
||
| 300 |
_axxvii, 677p _bpb _c27.5x21.5cm |
||
| 365 |
_aRupaye _b1095 _cINR |
||
| 500 | _aPediatric Nursing | ||
| 650 |
_aPediatric Nursing _9217467 |
||
| 651 |
_aPediatric Nursing _9217468 |
||
| 942 | _cBB | ||
| 999 |
_c370820 _d370820 |
||